[Event "Niedersachsen-ch B"]
[Site "Verden"]
[Date "2010.01.06"]
[Round "7.66"]
[White "Rau, Nikita"]
[Black "Kaphle, Narendra"]
[Result "1-0"]
[WhiteElo "1238"]
[BlackElo "1466"]
[PlyCount "101"]
[EventDate "2010.01.??"]
[EventType "swiss"]
[EventRounds "7"]
[EventCountry "GER"]
[SourceDate "2005.10.24"]

1. d4 d5 2. c4 Nf6 3. Nc3 e6 4. Nf3 Be7 5. Bg5 O-O 6. Bxf6 Bxf6 7. e4 c6 8. e5
Be7 9. c5 Na6 10. Bxa6 bxa6 11. O-O a5 12. a3 Rb8 13. Rb1 Qc7 14. Qd3 Bb7 15.
b4 axb4 16. axb4 Qc8 17. Ra1 Ra8 18. Rfb1 f6 19. b5 Qd7 20. Ra2 Rfb8 21. Rab2
Bd8 22. bxc6 Qxc6 23. Qb5 Bc7 24. Qxc6 Bxc6 25. Nb5 Bxb5 26. Rxb5 Rxb5 27. Rxb5
a5 28. exf6 gxf6 29. g3 Ra7 30. Nd2 a4 31. Nb1 a3 32. Nxa3 Rxa3 33. Rb7 Ba5 34.
Re7 Rd3 35. c6 Rc3 36. Rxe6 Kf7 37. Rd6 Ke7 38. Rxd5 Bb6 39. Rd7+ Ke8 40. d5
Rc2 41. Rxh7 Bxf2+ 42. Kf1 Bb6 43. h4 Bc5 44. h5 Be7 45. Rh8+ Kf7 46. Rh7+ Ke8
47. h6 Rc5 48. Rg7 Rxd5 49. h7 Rh5 50. Rg8+ Kf7 51. c7 1-0

[Event "Niedersachsen-ch B"]
[Site "Verden"]
[Date "2010.01.06"]
[Round "7.67"]
[White "Laubrock, Paul"]
[Black "Petrov, Iouri"]
[Result "0-1"]
[WhiteElo "1089"]
[BlackElo "1443"]
[PlyCount "142"]
[EventDate "2010.01.??"]
[EventType "swiss"]
[EventRounds "7"]
[EventCountry "GER"]
[SourceDate "2005.10.24"]

1. e4 c6 2. d4 d5 3. exd5 cxd5 4. Bd3 Nc6 5. Nf3 Bg4 6. Be3 Qb6 7. O-O e6 8. b3
Bxf3 9. Qxf3 Nxd4 10. Bxd4 Qxd4 11. Nc3 Nf6 12. Nb5 Qb6 13. Qg3 O-O-O 14. Rac1
a6 15. Nc3 Qd4 16. Na4 b5 17. Rfd1 Qg4 18. Qxg4 Nxg4 19. Nc3 Bb4 20. Ne2 Bc5
21. Rf1 e5 22. Bf5+ Kb8 23. Bxg4 h5 24. Bh3 g5 25. Bf5 e4 26. h3 Rd6 27. Nc3
Bb4 28. Nxd5 Rxd5 29. Bxe4 Re5 30. Bd3 g4 31. hxg4 hxg4 32. Rfd1 Reh5 33. Kf1
Rh1+ 34. Ke2 Re8+ 35. Be4 Rxe4+ 36. Kd3 Rxd1+ 37. Rxd1 Re7 38. f3 Rd7+ 39. Ke2
gxf3+ 40. gxf3 Rxd1 41. Kxd1 Kc7 42. Ke2 Kd6 43. Kd3 Ke5 44. Ke3 f5 45. f4+ Kd5
46. Kd3 Bc5 47. c4+ bxc4+ 48. bxc4+ Kc6 49. Kc3 Be3 50. Kd3 Bxf4 51. Ke2 Kc5
52. Kd3 Be5 53. Kc2 f4 54. Kd2 Kxc4 55. Kc2 Kb4 56. Kc1 Ka3 57. Kc2 Kxa2 58.
Kc1 a5 59. Kc2 a4 60. Kc1 Kb3 61. Kd2 a3 62. Kd1 a2 63. Kd2 a1=Q 64. Ke2 Qb2+
65. Kf3 Qd2 66. Ke4 Qe3+ 67. Kf5 f3 68. Kg4 Qf4+ 69. Kh5 Qg3 70. Kh6 Qg4 71.
Kh7 Qg7# 0-1

[Event "Niedersachsen-ch B"]
[Site "Verden"]
[Date "2010.01.06"]
[Round "7.68"]
[White "Bischoff, Norbert"]
[Black "Tautz, Felix"]
[Result "1/2-1/2"]
[WhiteElo "1741"]
[BlackElo "1269"]
[PlyCount "50"]
[EventDate "2010.01.??"]
[EventType "swiss"]
[EventRounds "7"]
[EventCountry "GER"]
[SourceDate "2005.10.24"]

1. d4 d5 2. Nf3 Nf6 3. e3 Nbd7 4. Bd3 e6 5. O-O c5 6. c3 Bd6 7. Nbd2 O-O 8. Re1
c4 9. Bc2 b5 10. e4 dxe4 11. Nxe4 Nxe4 12. Bxe4 Rb8 13. a4 Nf6 14. Bg5 a6 15.
Qc2 h6 16. Bxf6 Qxf6 17. Ne5 Kh8 18. Re3 Bxe5 19. dxe5 Qxe5 20. axb5 Qxb5 21.
h3 Qxb2 22. Qxb2 Rxb2 23. Ra4 Rb6 24. Rxc4 Bd7 25. Rc7 f5 1/2-1/2

[Event "Niedersachsen-ch B"]
[Site "Verden"]
[Date "2010.01.06"]
[Round "7.69"]
[White "Van den Berg, Adrianus"]
[Black "Richters, Maik"]
[Result "0-1"]
[WhiteElo "1122"]
[BlackElo "1424"]
[PlyCount "36"]
[EventDate "2010.01.??"]
[EventType "swiss"]
[EventRounds "7"]
[EventCountry "GER"]
[SourceDate "2005.10.24"]

1. e4 e5 2. Bb5 Nc6 3. Nf3 a6 4. Bxc6 bxc6 5. d3 d6 6. Be3 Bg4 7. Nbd2 Nf6 8.
c3 d5 9. h3 Bh5 10. g4 dxe4 11. dxe4 Bg6 12. Nxe5 Bxe4 13. Nxe4 Nxe4 14. Qa4
Qd5 15. Nxc6 Nxc3 16. bxc3 Qxh1+ 17. Ke2 Qd5 18. Rd1 Qb5+ 0-1

[Event "Niedersachsen-ch B"]
[Site "Verden"]
[Date "2010.01.06"]
[Round "7.70"]
[White "Klosa, Kevin"]
[Black "Knobel, Dagmar"]
[Result "1/2-1/2"]
[WhiteElo "1416"]
[BlackElo "1150"]
[PlyCount "34"]
[EventDate "2010.01.??"]
[EventType "swiss"]
[EventRounds "7"]
[EventCountry "GER"]
[SourceDate "2005.10.24"]

1. e4 e6 2. d4 d5 3. exd5 exd5 4. Nc3 Nf6 5. Nf3 Bb4 6. Bd2 O-O 7. Be2 b6 8.
O-O Be6 9. h3 h6 10. Re1 Re8 11. Bd3 Nbd7 12. Ne2 Bxd2 13. Qxd2 c5 14. Bb5 a6
15. Bxd7 Qxd7 16. Ng3 Qc7 17. c3 c4 1/2-1/2

[Event "Niedersachsen-ch B"]
[Site "Verden"]
[Date "2010.01.06"]
[Round "7.71"]
[White "Cegielka, Michael"]
[Black "Schreiber, Justina"]
[Result "1/2-1/2"]
[WhiteElo "1065"]
[BlackElo "1404"]
[PlyCount "74"]
[EventDate "2010.01.??"]
[EventType "swiss"]
[EventRounds "7"]
[EventCountry "GER"]
[SourceDate "2005.10.24"]

1. e4 e6 2. d4 d5 3. e5 c5 4. c3 Nc6 5. Bb5 cxd4 6. cxd4 Bb4+ 7. Nc3 Nge7 8.
Bg5 Bxc3+ 9. bxc3 Qa5 10. Qb3 O-O 11. Ne2 Qc7 12. O-O a6 13. Bxc6 Nxc6 14. Rac1
Na5 15. Qb4 Bd7 16. Be7 Nc6 17. Bd6 Nxb4 18. Bxc7 Nxa2 19. Rc2 Rfc8 20. Bd6 Bb5
21. Rxa2 Bxe2 22. Rxe2 Rxc3 23. Rb2 b5 24. h3 Rc4 25. Bc5 Ra4 26. Rbb1 Rc8 27.
Ra1 Rxa1 28. Rxa1 Rc6 29. Kf1 f6 30. f4 Kf7 31. Ke2 h6 32. g4 g6 33. Kf3 f5 34.
gxf5 exf5 35. Kg3 Kg8 36. Kh4 Kg7 37. Rc1 Kf7 1/2-1/2

[Event "Niedersachsen-ch B"]
[Site "Verden"]
[Date "2010.01.06"]
[Round "7.73"]
[White "Gottlieb, Timo"]
[Black "Menze, Gerold"]
[Result "0-1"]
[WhiteElo "1257"]
[BlackElo "1400"]
[PlyCount "116"]
[EventDate "2010.01.??"]
[EventType "swiss"]
[EventRounds "7"]
[EventCountry "GER"]
[SourceDate "2005.10.24"]

1. e4 e5 2. Nf3 Nc6 3. Bc4 Nf6 4. d4 d6 5. dxe5 Nxe4 6. Bxf7+ Kxf7 7. Qd5+ Be6
8. Qxe4 d5 9. Ng5+ Ke7 10. Qf4 Kd7 11. Nxe6 Kxe6 12. Qg4+ Kf7 13. e6+ Kg8 14.
Qf5 Qf6 15. Qxd5 Re8 16. e7+ Qf7 17. Qxf7+ Kxf7 18. O-O Bxe7 19. Nc3 Nd4 20.
Be3 Nxc2 21. Rac1 Nxe3 22. fxe3+ Bf6 23. Rce1 c6 24. e4 Re5 25. Rd1 Rhe8 26.
Rd7+ R8e7 27. Rxe7+ Kxe7 28. Rf5 Ke6 29. Rf3 Ra5 30. a3 Rc5 31. Kf2 Rc4 32. Rh3
h6 33. Rd3 Bxc3 34. Rxc3 Rxe4 35. Kf3 Re5 36. Rb3 b6 37. Rc3 c5 38. Rd3 Rd5 39.
Re3+ Kf6 40. Re8 Rf5+ 41. Kg3 Kg6 42. Re7 Rf7 43. Rxf7 Kxf7 44. Kf4 Ke6 45. Ke4
a5 46. g4 g5 47. h3 a4 48. Kd3 Kd5 49. Kc3 b5 50. Kd3 b4 51. Kd2 Kc4 52. Kc2
b3+ 53. Kd2 Kd4 54. Ke2 c4 55. Kd2 c3+ 56. bxc3+ Kc4 57. Kc1 Kxc3 58. Kb1 Kd3
0-1

[Event "Niedersachsen-ch B"]
[Site "Verden"]
[Date "2010.01.06"]
[Round "7.74"]
[White "Mayen, Paul"]
[Black "Weis, Hans Juergen"]
[Result "0-1"]
[WhiteElo "917"]
[BlackElo "1371"]
[PlyCount "44"]
[EventDate "2010.01.??"]
[EventType "swiss"]
[EventRounds "7"]
[EventCountry "GER"]
[SourceDate "2005.10.24"]

1. e4 e5 2. Bc4 Nf6 3. d3 Be7 4. Nc3 O-O 5. Nge2 d6 6. h3 Nc6 7. O-O Bd7 8. f4
exf4 9. Nxf4 Qc8 10. Be3 Ne5 11. Qe1 Be6 12. Bxe6 fxe6 13. Qg3 Rf7 14. Rf2 Qd7
15. Raf1 Raf8 16. Nce2 c5 17. d4 Nxe4 18. Qh2 cxd4 19. Nxd4 Nxf2 20. Nfxe6
Nxh3+ 21. Qxh3 Rxf1+ 22. Kh2 R8f6 0-1

[Event "Niedersachsen-ch B"]
[Site "Verden"]
[Date "2010.01.06"]
[Round "7.75"]
[White "Brandt, Volker"]
[Black "Aden, Keno"]
[Result "1-0"]
[WhiteElo "1322"]
[BlackElo "899"]
[PlyCount "57"]
[EventDate "2010.01.??"]
[EventType "swiss"]
[EventRounds "7"]
[EventCountry "GER"]
[SourceDate "2005.10.24"]

1. b3 c5 2. Bb2 Nc6 3. e3 Nf6 4. h3 a6 5. g4 h6 6. Bg2 e5 7. Bxc6 bxc6 8. Bxe5
Qe7 9. Bb2 Qe4 10. f3 Qe6 11. Nc3 Bd6 12. Nge2 Bc7 13. Ba3 Bb6 14. Na4 Ba7 15.
Nxc5 Qd5 16. Nf4 Qd6 17. Nxa6 Qe5 18. Nb4 Bc5 19. Nbd3 Qxa1 20. Qxa1 Bxa3 21.
Ke2 O-O 22. h4 Be7 23. g5 hxg5 24. hxg5 Nh7 25. g6 Nf6 26. gxf7+ Rxf7 27. Ne5
Rf8 28. Nfg6 Re8 29. Rh8# 1-0

[Event "Niedersachsen-ch B"]
[Site "Verden"]
[Date "2010.01.06"]
[Round "7.76"]
[White "Grigorian, Satenik"]
[Black "Mildner, Ramon"]
[Result "1/2-1/2"]
[WhiteElo "1082"]
[BlackElo "919"]
[PlyCount "119"]
[EventDate "2010.01.??"]
[EventType "swiss"]
[EventRounds "7"]
[EventCountry "GER"]
[SourceDate "2005.10.24"]

1. d4 Nf6 2. Nf3 d5 3. Bf4 Bf5 4. e3 e6 5. Nbd2 Bd6 6. Ne5 Nbd7 7. Ndf3 O-O 8.
Bd3 Bxe5 9. Nxe5 Nxe5 10. Bxe5 Bxd3 11. Qxd3 Nd7 12. Bg3 Rc8 13. c3 c5 14. Bd6
c4 15. Qc2 Re8 16. b3 b5 17. b4 Qb6 18. Bg3 a5 19. Qb2 e5 20. O-O Ra8 21. f4
exd4 22. exd4 Re7 23. a4 bxa4 24. Rxa4 Ree8 25. Rfa1 Nf6 26. Rxa5 Rxa5 27. Rxa5
h6 28. Qa2 Ne4 29. Be1 Nf6 30. Ra8 Rxa8 31. Qxa8+ Kh7 32. h3 Qd6 33. g3 Qe6 34.
Qa1 Qxh3 35. Qb1+ g6 36. b5 Qc8 37. Qb4 Qb7 38. Qd6 Kg7 39. b6 Nd7 40. Qc7 Qxc7
41. bxc7 Nb6 42. g4 Kf8 43. f5 gxf5 44. gxf5 Ke7 45. Bg3 Kd7 46. Kf2 Na8 47.
Bf4 h5 48. Kg3 Nxc7 49. Bxc7 Kxc7 50. Kh4 {Ab hier unklar.} Kb6 51. Kxh5 Ka5
52. Kh6 Ka4 53. Kg7 Kb3 54. Kxf7 Kxc3 55. Ke6 Kxd4 56. f6 c3 57. f7 c2 58. f8=Q
c1=Q 59. Qf6+ Kd3 60. Qg6+ 1/2-1/2

[Event "Niedersachsen-ch B"]
[Site "Verden"]
[Date "2010.01.06"]
[Round "7.78"]
[White "Diederichs, Hannah"]
[Black "Stuppenhagen, Tim"]
[Result "1-0"]
[WhiteElo "975"]
[BlackElo "1036"]
[PlyCount "85"]
[EventDate "2010.01.??"]
[EventType "swiss"]
[EventRounds "7"]
[EventCountry "GER"]
[SourceDate "2005.10.24"]

1. e4 e5 2. Nf3 Nc6 3. Bc4 Nf6 4. Ng5 Bc5 5. Nxf7 Bxf2+ 6. Kxf2 Nxe4+ 7. Ke1
Qf6 8. Qe2 Qh4+ 9. g3 Nxg3 10. hxg3 Qxh1+ 11. Qf1 Qe4+ 12. Kd1 Qg4+ 13. Be2
Qxg3 14. Nxh8 Qf4 15. Qxf4 exf4 16. Bc4 Ne5 17. Bb3 d6 18. d4 Bg4+ 19. Ke1 Nf3+
20. Kf2 g5 21. Nf7 Nxd4 22. Nxg5 f3 23. a3 O-O-O 24. Bd5 Rf8 25. Be3 Nxc2 26.
Ra2 Nxe3 27. Kxe3 f2 28. Bc4 h5 29. Bf1 h4 30. b3 Rf5 31. Ne4 d5 32. Nxf2 Rf3+
33. Ke2 Rxb3+ 34. Nxg4 Rxb1 35. Bh3 Kd8 36. Kf3 Rb3+ 37. Kf4 Rxh3 38. Ke5 c6
39. Kd6 Kc8 40. Re2 Kd8 41. Nf6 Re3 42. Rxe3 h3 43. Re8# 1-0

[Event "Freie Partie"]
[Site "Verden"]
[Date "2010.01.06"]
[Round "?"]
[White "Schneider, Waldemar"]
[Black "Wallat, Jessica"]
[Result "1-0"]
[WhiteElo "1602"]
[BlackElo "1026"]
[PlyCount "57"]
[EventDate "2010.01.06"]
[EventType "game"]
[EventRounds "1"]
[EventCountry "GER"]
[SourceDate "2005.10.24"]

1. d4 f5 2. c4 Nf6 3. Nc3 e6 4. e3 Bb4 5. Nge2 O-O 6. a3 Be7 7. g3 d5 8. cxd5
Nxd5 9. Bg2 Nb6 10. O-O N8d7 11. b4 Nf6 12. Qb3 Qd6 13. Bb2 a6 14. Rac1 Rb8 15.
Nf4 Kh8 16. e4 Nxe4 17. Nxe4 fxe4 18. Bxe4 Bd7 19. Rc5 Rf6 20. Rfc1 c6 21. Rh5
h6 22. d5 Rf7 23. Rxh6+ Kg8 24. dxe6 gxh6 25. exf7+ Kf8 26. Ng6+ Qxg6 27. Bxg6
Bh3 28. Qe3 Nd5 29. Qxh6# {Da beide Teilnehmer in der 7. Runde keinen Gegner
hatten, spielten sie diese freie Partie.} 1-0